First Word Animated Titles Quiz Stats

 Plays Quiz Updated Jan 10, 2019

Challenge
Share
Tweet
Embed
Score 0/30 Timer 04:00
15 Plays Today
First Word % Correct
Snow
99.6%
Finding
99.5%
Peter
99.1%
Toy
97.3%
Alice
97.2%
Monsters
96.8%
Lady
96.3%
Wreck
96%
Beauty
95.5%
Robin
95.4%
Lilo
94.9%
One
94.6%
Ice
91.6%
Chicken
89.2%
All
89.1%
First Word % Correct
Meet
84.9%
Home
82.5%
Yellow
82.3%
Sleeping
81.7%
Wallace
77.9%
Brother
73.7%
South
68.5%
Oliver
61.9%
Atlantis
61.7%
Despicable
53%
Treasure
50.5%
Spirited/Flushed
49.7%
My
47.9%
Princess
40.7%
Watership
35.2%

You're not logged in!

Compare scores with friends on all Sporcle quizzes.
OR
Log In

You Might Also Like...

Show Comments

Extras

Top Quizzes Today


Score Distribution

Your Account Isn't Verified!

In order to create a playlist on Sporcle, you need to verify the email address you used during registration. Go to your Sporcle Settings to finish the process.

Report this User

Report this user for behavior that violates our Community Guidelines.

Details: